[Event "Thüringenliga 2012/2013"]
[Site "?"]
[Date "2012.11.25"]
[Round "3"]
[White "Müller, Julian"]
[Black "Dittrich, Hans-Georg"]
[Result "1-0"]
[WhiteElo "1730"]
[BlackElo "1667"]
[PlyCount "59"]
[EventDate "2012.??.??"]
[WhiteTeam "Ilmenauer SV"]
[BlackTeam "SG Blau-Weiß Stadtilm"]

1. e4 e5 2. Nf3 Nc6 3. Bc4 Bc5 4. c3 Nf6 5. d4 exd4 6. cxd4 Bb4+ 7. Bd2 Bxd2+
8. Nbxd2 d5 9. exd5 Nxd5 10. Qb3 Na5 11. Qa4+ Nc6 12. Qb3 Na5 13. Qa4+ Nc6 14.
Bb5 Bd7 15. Rc1 Qe7+ 16. Kd1 O-O 17. Rc5 Nb6 18. Qc2 Nb4 19. Qb3 Nc6 20. Re1
Qd6 21. Ne4 Qh6 22. d5 Ne7 23. Bxd7 Nxd7 24. Rxc7 Rfd8 25. Qxb7 Rac8 26. d6 Nb6
27. Nfd2 Ned5 28. Rxc8 Rxc8 29. Qxc8+ Nxc8 30. d7 1-0

[Event "Thüringenliga 2012/2013"]
[Site "?"]
[Date "2012.11.25"]
[Round "3"]
[White "Werner, Justus"]
[Black "Ortlepp, Steffen"]
[Result "0-1"]
[WhiteElo "1704"]
[BlackElo "1819"]
[PlyCount "90"]
[EventDate "2012.??.??"]
[WhiteTeam "SG Blau-Weiß Stadtilm"]
[BlackTeam "Ilmenauer SV"]

1. c4 Nf6 2. g3 g6 3. Bg2 d5 4. cxd5 Nxd5 5. Nc3 Nxc3 6. bxc3 Bg7 7. Nf3 O-O 8.
O-O c5 9. Bb2 Nc6 10. d3 Be6 11. Qc2 Qc8 12. c4 Rb8 13. Bxg7 Kxg7 14. Rab1 Bh3
15. Rb2 Bxg2 16. Kxg2 h5 17. h4 Qc7 18. Qc3+ e5 19. Rfb1 b6 20. Ng5 Qe7 21. Re1
f6 22. Nf3 Rbd8 23. Rbb1 Rd7 24. Nd2 Kg8 25. Kg1 f5 26. a3 f4 27. Ne4 Nd4 28.
Ng5 Qf6 29. Nf3 fxg3 30. fxg3 Nxf3+ 31. exf3 Qxf3 32. Qxe5 Rxd3 33. Qe6+ Qf7
34. Qxf7+ Rxf7 35. Kh2 Rxa3 36. Rbd1 Rc3 37. Rd6 Kh7 38. Ree6 Rg7 39. Rd8 Rxc4
40. Ree8 g5 41. Rh8+ Kg6 42. Rd6+ Kf5 43. Rxh5 Kg4 44. hxg5 Rc2+ 45. Kg1 Kxh5
0-1

[Event "Thüringenliga 2012/2013"]
[Site "?"]
[Date "2012.11.25"]
[Round "3"]
[White "Pähtz, Thomas"]
[Black "Günther, Andreas"]
[Result "1/2-1/2"]
[WhiteElo "2294"]
[BlackElo "2091"]
[PlyCount "79"]
[EventDate "2012.??.??"]
[WhiteTeam "ESV Lok Sömmerda"]
[BlackTeam "SSV Vimaria 91 Weimar"]

1. e4 d5 2. exd5 Qxd5 3. Nc3 Qa5 4. d4 Nf6 5. Bc4 Bg4 6. f3 Bh5 7. Bd2 Qb6 8.
Qe2 Nc6 9. Na4 Qxd4 10. Bc3 Qf4 11. Nh3 Qh4+ 12. Nf2 O-O-O 13. g3 Qg5 14. g4
Bg6 15. h4 Qf4 16. h5 Bxc2 17. b3 e5 18. Qxc2 Qxf3 19. Qf5+ Qxf5 20. gxf5 Nd5
21. Rd1 Ne3 22. Rxd8+ Nxd8 23. Bd3 Nc6 24. Bd2 Ng2+ 25. Kf1 Nf4 26. Bxf4 exf4
27. Ng4 Bd6 28. Bc4 Rf8 29. Nc3 Nd4 30. f6 Nf5 31. Rh3 gxf6 32. Nxf6 h6 33.
Nce4 Be5 34. Rd3 a6 35. a4 Bd4 36. Ke2 Rd8 37. Kf3 c6 38. a5 Kc7 39. Kxf4 Nh4
40. Kg4 1/2-1/2

[Event "Thüringenliga 2012/2013"]
[Site "?"]
[Date "2012.11.25"]
[Round "3"]
[White "Albrecht, Jürgen"]
[Black "Krüger, Rainer"]
[Result "1/2-1/2"]
[WhiteElo "2046"]
[BlackElo "2088"]
[PlyCount "64"]
[EventDate "2012.??.??"]
[WhiteTeam "SSV Vimaria 91 Weimar"]
[BlackTeam "ESV Lok Sömmerda"]

1. e4 c5 2. Nf3 d6 3. d4 cxd4 4. Nxd4 Nf6 5. Nc3 g6 6. f4 Nc6 7. Nxc6 bxc6 8.
e5 Nd7 9. exd6 exd6 10. Be3 Be7 11. Be2 O-O 12. O-O d5 13. f5 Bg5 14. Bxg5 Qxg5
15. fxg6 hxg6 16. Qc1 Qxc1 17. Raxc1 Rb8 18. Na4 Re8 19. Rfe1 Rb4 20. b3 Rbe4
21. Kf2 Kf8 22. c3 R8e5 23. Bf3 Rh4 24. Kg3 g5 25. c4 dxc4 26. Bxc6 Rxe1 27.
Rxe1 cxb3 28. axb3 Rb4 29. Bd5 Rd4 30. Bc4 Nf6 31. Nc5 Rf4 32. h3 Bf5 1/2-1/2

[Event "Thüringenliga 2012/2013"]
[Site "?"]
[Date "2012.11.25"]
[Round "3"]
[White "Wanzek, Daniel"]
[Black "Philipp, Michael"]
[Result "1/2-1/2"]
[WhiteElo "2113"]
[BlackElo "1972"]
[PlyCount "130"]
[EventDate "2012.??.??"]
[WhiteTeam "ESV Lok Sömmerda"]
[BlackTeam "SSV Vimaria 91 Weimar"]

1. e4 c5 2. Nc3 Nc6 3. g3 e6 4. Bg2 Nge7 5. Nf3 d5 6. exd5 Nxd5 7. Nxd5 exd5 8.
d4 cxd4 9. Nxd4 Bc5 10. Nb3 Qe7+ 11. Qe2 Be6 12. O-O O-O 13. c3 d4 14. Bxc6
bxc6 15. cxd4 Bb6 16. Bf4 Qb4 17. Bd2 Qa4 18. Rfe1 Bxb3 19. axb3 Qxb3 20. Bc3
Rad8 21. Ra3 Qb5 22. Qxb5 cxb5 23. Bb4 Rfe8 24. Rxe8+ Rxe8 25. Bc5 Rd8 26. Bxb6
axb6 27. Ra6 Rb8 28. Kf1 f5 29. Ke2 Kf7 30. Ra7+ Kf6 31. Rd7 b4 32. Kd3 b5 33.
f4 h5 34. d5 Rc8 35. Rb7 Rc5 36. Kd4 Rc4+ 37. Kd3 Rc5 38. Kd4 Rc4+ 39. Kd3 Rc5
40. Rd7 b3 41. Rd6+ Kf7 42. Rc6 Rxd5+ 43. Kc3 g6 44. Kxb3 h4 45. Rc7+ Kf6 46.
Rc6+ Kg7 47. Rc7+ Kh6 48. Rc8 hxg3 49. hxg3 Kh5 50. Kb4 Rd2 51. Rh8+ Kg4 52.
Rg8 Rd6 53. Kxb5 Kxg3 54. Kc5 Rf6 55. b4 Kxf4 56. b5 g5 57. b6 Rf7 58. Kc6 g4
59. b7 Rxb7 60. Kxb7 Kg3 61. Kc6 f4 62. Kd5 f3 63. Ke4 f2 64. Rf8 Kg2 65. Ke3
f1=Q 1/2-1/2

[Event "Thüringenliga 2012/2013"]
[Site "?"]
[Date "2012.11.25"]
[Round "3"]
[White "Riedel, Finn"]
[Black "Siegemund, Joachim"]
[Result "1-0"]
[WhiteElo "1988"]
[BlackElo "2033"]
[PlyCount "135"]
[EventDate "2012.??.??"]
[WhiteTeam "SSV Vimaria 91 Weimar"]
[BlackTeam "ESV Lok Sömmerda"]

1. f4 d5 2. Nf3 Nf6 3. e3 c5 4. b3 g6 5. Bb2 Bg7 6. Bb5+ Nc6 7. O-O O-O 8. Bxc6
bxc6 9. Qe1 a5 10. Qh4 a4 11. Ne5 Qc7 12. Nf3 Bf5 13. Be5 Qd8 14. Nc3 axb3 15.
cxb3 Bd3 16. Rfe1 Nd7 17. Bxg7 Kxg7 18. g4 e6 19. g5 f6 20. Qh6+ Kg8 21. gxf6
Qxf6 22. Ng5 Qe7 23. Nd1 Rae8 24. Nf2 c4 25. bxc4 Bxc4 26. Ng4 e5 27. Qh4 h5
28. d3 Ba6 29. Nf2 exf4 30. exf4 Qxe1+ 31. Rxe1 Rxe1+ 32. Kg2 Re2 33. Qg3 Nf6
34. h3 Kg7 35. f5 Bc8 36. Qc7+ Kg8 37. Qxc6 Bxf5 38. Kg1 Rxa2 39. Ne6 Bxe6 40.
Qxe6+ Kg7 41. Qe5 Rf7 42. Kg2 Kh7 43. Qe6 Kg7 44. Qe5 Ra8 45. Kg3 Re8 46. Qd4
Rfe7 47. Nd1 Re5 48. Nc3 g5 49. Nb5 Re3+ 50. Kg2 Re2+ 51. Kf1 Kg6 52. Nc3 R2e5
53. Qa4 g4 54. hxg4 hxg4 55. Kg2 Kg5 56. Qa7 R8e7 57. Qd4 Nh5 58. Kf1 Nf4 59.
Kf2 Rf5 60. Kg3 Nh5+ 61. Kg2 Nf4+ 62. Kg3 Rfe5 63. Qxf4+ Kg6 64. Kxg4 R7e6 65.
Qd2 Re8 66. d4 Rh5 67. Qd3+ Kh6 68. Qa6+ 1-0

[Event "Thüringenliga 2012/2013"]
[Site "?"]
[Date "2012.11.25"]
[Round "3"]
[White "Kalisch, Michael"]
[Black "Stiefel, Roland"]
[Result "1-0"]
[WhiteElo "1912"]
[BlackElo "1974"]
[PlyCount "85"]
[EventDate "2012.??.??"]
[WhiteTeam "ESV Lok Sömmerda"]
[BlackTeam "SSV Vimaria 91 Weimar"]

1. e4 c5 2. c3 e6 3. d4 d5 4. exd5 Qxd5 5. Nf3 Nf6 6. Bd3 cxd4 7. cxd4 Qd8 8.
Nc3 Nc6 9. O-O Be7 10. Bg5 h6 11. Bh4 Nd5 12. Bxe7 Ncxe7 13. Rc1 O-O 14. Bb1 b6
15. Qd3 Nf6 16. Ne5 Bb7 17. Rfe1 Nf5 18. Rcd1 Qd6 19. Qh3 Qb4 20. Bxf5 exf5 21.
Re2 f4 22. Qf5 Rac8 23. Qxf4 Rfd8 24. h3 a5 25. Red2 a4 26. a3 Qb3 27. d5 b5
28. d6 Rc5 29. Nf3 Rc4 30. Qe3 Bxf3 31. Qxf3 b4 32. axb4 Qxb4 33. Qe3 a3 34.
Qe7 Rd7 35. Qe2 axb2 36. Nd5 Qb5 37. Nxf6+ gxf6 38. Rxb2 Qc6 39. Rb8+ Kg7 40.
Qe3 Rc3 41. Qe8 Kg6 42. Qg8+ Kf5 43. Qg4+ 1-0

[Event "Thüringenliga 2012/2013"]
[Site "?"]
[Date "2012.11.25"]
[Round "3"]
[White "Gulich, Christian"]
[Black "Kühn, Karsten"]
[Result "1-0"]
[WhiteElo "1965"]
[BlackElo "1941"]
[PlyCount "87"]
[EventDate "2012.??.??"]
[WhiteTeam "SSV Vimaria 91 Weimar"]
[BlackTeam "ESV Lok Sömmerda"]

1. e4 e6 2. d4 d5 3. Nc3 Nf6 4. Bg5 Be7 5. e5 Nfd7 6. Bxe7 Qxe7 7. f4 O-O 8.
Nf3 c5 9. Qd2 Nc6 10. dxc5 f6 11. exf6 Qxf6 12. g3 Nxc5 13. O-O-O Rb8 14. Nd4
Bd7 15. Bg2 a5 16. Rhf1 g6 17. g4 Rf7 18. Ndb5 Nb4 19. a3 Na2+ 20. Kb1 Nxc3+
21. Nxc3 b5 22. f5 exf5 23. Nxd5 Qd6 24. g5 b4 25. axb4 Na4 26. Nf6+ Rxf6 27.
Qxd6 Rxd6 28. Rxd6 Bb5 29. Rfd1 axb4 30. Rd8+ Rxd8 31. Rxd8+ Kg7 32. Rb8 Be2
33. Bd5 h5 34. Rb7+ Kh8 35. Rxb4 Nc5 36. Kc1 Na6 37. Rb6 Nc5 38. Kd2 Bf1 39. b4
Nd7 40. Re6 Nf8 41. Re8 Kg7 42. h4 Bb5 43. Re7+ Kh8 44. c4 1-0

[Event "Thüringenliga 2012/2013"]
[Site "?"]
[Date "2012.11.25"]
[Round "3"]
[White "Kühn, Martin"]
[Black "Anschütz, Mario"]
[Result "1-0"]
[WhiteElo "1940"]
[BlackElo "1813"]
[PlyCount "59"]
[EventDate "2012.??.??"]
[WhiteTeam "ESV Lok Sömmerda"]
[BlackTeam "SSV Vimaria 91 Weimar"]

1. d4 e6 2. c4 d5 3. Nf3 f5 4. Nc3 Nf6 5. Bf4 c6 6. e3 Be7 7. Bd3 O-O 8. Qc2
Ne4 9. g4 Qa5 10. Kf1 Na6 11. a3 dxc4 12. Bxe4 fxe4 13. Ne5 Nb4 14. Qxe4 Qa6
15. Kg2 Nd5 16. h4 b5 17. h5 Nf6 18. Qc2 Bd6 19. h6 g5 20. Bxg5 Bxe5 21. dxe5
Nxg4 22. Ne4 c5 23. Nf6+ Nxf6 24. Bxf6 Bb7+ 25. Kh2 Rxf6 26. Rhg1+ Kh8 27. exf6
Qd6+ 28. f4 Qd5 29. Rg5 Qf3 30. f7 1-0

[Event "Thüringenliga 2012/2013"]
[Site "?"]
[Date "2012.11.25"]
[Round "3"]
[White "Gräf, Michael"]
[Black "Kirste, Olaf"]
[Result "1/2-1/2"]
[WhiteElo "1843"]
[BlackElo "1931"]
[PlyCount "85"]
[EventDate "2012.??.??"]
[WhiteTeam "SSV Vimaria 91 Weimar"]
[BlackTeam "ESV Lok Sömmerda"]

1. d4 g6 2. Nf3 Bg7 3. Bg5 d6 4. e3 Nd7 5. Nbd2 Ngf6 6. c3 c6 7. Be2 Qc7 8. O-O
O-O 9. Qc2 Re8 10. Rad1 Nf8 11. Rfe1 h6 12. Bh4 g5 13. Bg3 Nh5 14. e4 Ng6 15.
Bf1 Nxg3 16. hxg3 e5 17. dxe5 Nxe5 18. Nxe5 Bxe5 19. Nc4 Be6 20. Nxe5 dxe5 21.
c4 c5 22. Qa4 b6 23. b4 Rad8 24. a3 Re7 25. Rxd8+ Qxd8 26. Rd1 Rd7 27. Rxd7
Qxd7 28. Qxd7 Bxd7 29. Bd3 cxb4 30. axb4 Kf8 31. Kf1 Ke7 32. Ke2 Kd6 33. Kd2
Be6 34. Kc3 Kc6 35. Bc2 f6 36. Bd3 a5 37. f3 h5 38. Bc2 axb4+ 39. Kxb4 Kc7 40.
Bd3 Bd7 41. Bc2 Kd6 42. Bd3 h4 43. g4 1/2-1/2

[Event "Thüringenliga 2012/2013"]
[Site "?"]
[Date "2012.11.25"]
[Round "3"]
[White "du Maire, Jérôme"]
[Black "Pichl, Michael"]
[Result "0-1"]
[WhiteElo "2015"]
[BlackElo "1978"]
[PlyCount "58"]
[EventDate "2012.??.??"]
[WhiteTeam "SV 1861 Liebschwitz"]
[BlackTeam "SV Empor Erfurt"]

1. d4 c5 2. d5 d6 3. c4 e5 4. e4 Be7 5. Bd3 Bg5 6. Nd2 Nf6 7. Ne2 O-O 8. O-O
Na6 9. Nc3 Nc7 10. a3 a6 11. b4 b6 12. bxc5 dxc5 13. Rb1 Rb8 14. Nf3 Bxc1 15.
Qxc1 Nd7 16. g3 Ne8 17. Nh4 g6 18. Ng2 Nd6 19. f4 Qe7 20. f5 Nf6 21. fxg6 fxg6
22. Qe3 Bd7 23. Rb2 Ng4 24. Rxf8+ Rxf8 25. Qe1 b5 26. cxb5 c4 27. Bf1 Nxb5 28.
Nxb5 Qc5+ 29. Kh1 axb5 0-1

[Event "Thüringenliga 2012/2013"]
[Site "?"]
[Date "2012.11.25"]
[Round "3"]
[White "Taudte, Stefan"]
[Black "Hermannsdörfer, Frank"]
[Result "1/2-1/2"]
[WhiteElo "1979"]
[BlackElo "2137"]
[PlyCount "22"]
[EventDate "2012.??.??"]
[WhiteTeam "SV Empor Erfurt"]
[BlackTeam "SV 1861 Liebschwitz"]

1. d4 d6 2. c4 e5 3. d5 Nf6 4. Nc3 Bf5 5. f3 e4 6. g4 Nxg4 7. fxg4 Qh4+ 8. Kd2
e3+ 9. Kxe3 Qg5+ 10. Kf2 Qh4+ 11. Ke3 Qg5+ 1/2-1/2

[Event "Thüringenliga 2012/2013"]
[Site "?"]
[Date "2012.11.25"]
[Round "3"]
[White "Zeidler, Andreas"]
[Black "Schmuck, Helmut"]
[Result "1/2-1/2"]
[WhiteElo "2104"]
[BlackElo "1924"]
[PlyCount "111"]
[EventDate "2012.??.??"]
[WhiteTeam "SV 1861 Liebschwitz"]
[BlackTeam "SV Empor Erfurt"]

1. d4 d5 2. c4 c6 3. Nf3 Nf6 4. e3 Bf5 5. Bd3 Bg4 6. O-O e6 7. Nbd2 Nbd7 8. Qc2
Bd6 9. b3 O-O 10. Bb2 Qc7 11. c5 Be7 12. b4 b5 13. a4 a6 14. Ne5 Bh5 15. f4 Bg6
16. Nxg6 hxg6 17. Rf3 Nh7 18. Rh3 f5 19. Nf3 g5 20. g4 g6 21. Qg2 Ndf6 22. gxf5
g4 23. Rh6 gxf3 24. Rxg6+ Kh8 25. Qxf3 exf5 26. Bxf5 Rg8 27. Kh1 Rxg6 28. Bxg6
bxa4 29. Rxa4 a5 30. Bc3 Qb7 31. Rxa5 Rxa5 32. bxa5 Qb3 33. Be1 Qc4 34. Kg2
Qa2+ 35. Qf2 Qa4 36. Qc2 Qa3 37. Kf3 Bd8 38. Qd2 Ne4 39. Bxe4 dxe4+ 40. Kxe4
Nf6+ 41. Kf3 Qb3 42. Ke2 Qc4+ 43. Qd3 Qa2+ 44. Kf3 Qxh2 45. Qg6 Qh1+ 46. Ke2
Qh2+ 47. Kd1 Nd5 48. Qe8+ Kg7 49. Bd2 Qh1+ 50. Kc2 Be7 51. Kd3 Qf1+ 52. Kc2
Qc4+ 53. Kb2 Qd3 54. Kc1 Qf1+ 55. Kc2 Qe2 56. Kc1 1/2-1/2

[Event "Thüringenliga 2012/2013"]
[Site "?"]
[Date "2012.11.25"]
[Round "3"]
[White "Michalowski, Peter"]
[Black "Gerhardt, Frank"]
[Result "0-1"]
[WhiteElo "1956"]
[BlackElo "2014"]
[PlyCount "62"]
[EventDate "2012.??.??"]
[WhiteTeam "SV Empor Erfurt"]
[BlackTeam "SV 1861 Liebschwitz"]

1. e4 c5 2. Nf3 d6 3. d4 cxd4 4. Nxd4 Nf6 5. Nc3 a6 6. Be3 e5 7. Nb3 Be7 8. f3
Be6 9. Qd2 O-O 10. O-O-O Nbd7 11. g4 b5 12. g5 b4 13. Ne2 Ne8 14. Ng3 a5 15.
Kb1 a4 16. Na1 Nc7 17. f4 exf4 18. Bxf4 Nc5 19. Bxd6 Bxd6 20. Qxd6 Qxg5 21. h4
Qe3 22. Qxc7 a3 23. Nf5 Bxf5 24. exf5 Rfc8 25. Rh3 Qe4 26. Qh2 axb2 27. Kxb2
Na4+ 28. Kb1 Nc3+ 29. Rxc3 bxc3 30. Qd6 Rcb8+ 31. Nb3 Qa4 0-1

[Event "Thüringenliga 2012/2013"]
[Site "?"]
[Date "2012.11.25"]
[Round "3"]
[White "Kastner, Peter"]
[Black "Wahlicht, Mike"]
[Result "1/2-1/2"]
[WhiteElo "1963"]
[BlackElo "1830"]
[PlyCount "69"]
[EventDate "2012.??.??"]
[WhiteTeam "SV 1861 Liebschwitz"]
[BlackTeam "SV Empor Erfurt"]

1. e4 c5 2. Nf3 Nc6 3. Bb5 e6 4. O-O Nge7 5. Re1 a6 6. Bf1 d6 7. c3 g6 8. d4
Bg7 9. Be3 cxd4 10. cxd4 O-O 11. Nc3 b5 12. Rc1 Bb7 13. Bd3 Rc8 14. Qd2 Qa5 15.
Bb1 b4 16. Ne2 d5 17. e5 Qb6 18. Bh6 Na5 19. b3 Rxc1 20. Rxc1 Rc8 21. Bxg7 Kxg7
22. Rxc8 Bxc8 23. Qf4 Ng8 24. h4 Qd8 25. Qc1 Bd7 26. Bd3 Nc6 27. Qc5 a5 28. Bb5
Nge7 29. Nf4 h6 30. Nd3 Nb8 31. Bxd7 Nxd7 32. Qd6 Nf5 33. Qc6 Ne7 34. Qc1 Qc8
35. Qxc8 1/2-1/2

[Event "Thüringenliga 2012/2013"]
[Site "?"]
[Date "2012.11.25"]
[Round "3"]
[White "Trautmann, Johannes"]
[Black "Weiß, Werner"]
[Result "0-1"]
[WhiteElo "1739"]
[BlackElo "1997"]
[PlyCount "72"]
[EventDate "2012.??.??"]
[WhiteTeam "SV Empor Erfurt"]
[BlackTeam "SV 1861 Liebschwitz"]

1. c4 g6 2. g3 Bg7 3. Bg2 d6 4. Nf3 c6 5. Nc3 Nf6 6. O-O O-O 7. d3 Bg4 8. h3
Bd7 9. Be3 Na6 10. Qd2 Re8 11. Bh6 e5 12. Bxg7 Kxg7 13. Rab1 Nc5 14. b4 Ne6 15.
b5 Nd4 16. Kh2 Qc7 17. e3 Nxf3+ 18. Bxf3 Be6 19. bxc6 bxc6 20. Rb2 Rab8 21.
Rfb1 d5 22. cxd5 cxd5 23. Ne2 h5 24. h4 Ng4+ 25. Kg2 Nf6 26. Kg1 Bf5 27. Rb3
Rxb3 28. Rxb3 Rb8 29. Qb2 Rxb3 30. Qxb3 Qa5 31. Qc3 Qxa2 32. Qxe5 Qb1+ 33. Kg2
Bxd3 34. Qd4 Bxe2 35. Bxe2 Qe4+ 36. Qxe4 dxe4 0-1

[Event "Thüringenliga 2012/2013"]
[Site "?"]
[Date "2012.11.25"]
[Round "3"]
[White "Biel, Maik"]
[Black "Strauch, Martin"]
[Result "1/2-1/2"]
[WhiteElo "1968"]
[BlackElo "1772"]
[PlyCount "59"]
[EventDate "2012.??.??"]
[WhiteTeam "SV 1861 Liebschwitz"]
[BlackTeam "SV Empor Erfurt"]

1. d4 d6 2. c4 e5 3. e4 exd4 4. Qxd4 Nc6 5. Qd1 Qe7 6. Bd3 Be6 7. Ne2 g6 8.
Nbc3 Bg7 9. Nd5 Qd7 10. O-O Ne5 11. f4 Nxd3 12. Qxd3 Bxd5 13. cxd5 Nf6 14. Nc3
O-O 15. Be3 a6 16. Bd4 Nh5 17. Bxg7 Kxg7 18. f5 Qe7 19. Rf3 Qe5 20. Raf1 Nf6
21. Qe3 h6 22. Rg3 Rae8 23. Re1 Rh8 24. Qa7 Rb8 25. Qf2 Rbf8 26. fxg6 fxg6 27.
Qe3 Nh5 28. Rf3 Rxf3 29. Qxf3 Rf8 30. Qe3 1/2-1/2

[Event "Thüringenliga 2012/2013"]
[Site "?"]
[Date "2012.11.25"]
[Round "3"]
[White "Nicolai, Tim"]
[Black "Birke, Andreas"]
[Result "0-1"]
[WhiteElo "1647"]
[BlackElo "2116"]
[PlyCount "46"]
[EventDate "2012.??.??"]
[WhiteTeam "SV Empor Erfurt"]
[BlackTeam "SV 1861 Liebschwitz"]

1. e4 c5 2. Nf3 Nc6 3. d4 cxd4 4. Nxd4 Nf6 5. Nc3 d6 6. f3 Qb6 7. Ndb5 a6 8.
Na3 Qc7 9. Be3 b5 10. Nd5 Nxd5 11. Qxd5 g6 12. c4 b4 13. Nc2 Bg7 14. Rb1 O-O
15. Qd2 a5 16. Nd4 Ba6 17. Nb5 Qd7 18. Be2 Ne5 19. Qd5 e6 20. Qxd6 Bxb5 21. Qc5
Nd3+ 22. Bxd3 Qxd3 23. Rd1 Qxc4 0-1

[Event "Thüringenliga 2012/2013"]
[Site "?"]
[Date "2012.12.16"]
[Round "4"]
[White "Mehlhorn, Uwe"]
[Black "Krüger, Rainer"]
[Result "1-0"]
[WhiteElo "2104"]
[BlackElo "2088"]
[PlyCount "59"]
[EventDate "2012.??.??"]
[WhiteTeam "Ilmenauer SV"]
[BlackTeam "ESV Lok Sömmerda"]

1. d4 Nf6 2. Nf3 g6 3. g3 Bg7 4. Bg2 O-O 5. O-O d5 6. c4 c6 7. b3 a5 8. Nc3 Ne4
9. Bb2 Nxc3 10. Bxc3 b5 11. Rc1 Bf5 12. Ne5 Ra6 13. Qd2 b4 14. Bb2 f6 15. Nd3
Bxd3 16. Qxd3 f5 17. Rc2 e6 18. Rfc1 Qd6 19. e3 a4 20. bxa4 Rxa4 21. Qb3 Ra7
22. Bf1 g5 23. f4 gxf4 24. exf4 c5 25. cxd5 cxd4 26. dxe6 Re8 27. Bd3 Ra5 28.
e7+ Kh8 29. Qf7 Qd7 30. Qxe8+ 1-0

[Event "Thüringenliga 2012/2013"]
[Site "?"]
[Date "2012.12.16"]
[Round "4"]
[White "Wanzek, Daniel"]
[Black "Sukaylo, Aleksey"]
[Result "1-0"]
[WhiteElo "2113"]
[BlackElo "2008"]
[PlyCount "61"]
[EventDate "2012.??.??"]
[WhiteTeam "ESV Lok Sömmerda"]
[BlackTeam "Ilmenauer SV"]

1. e4 e5 2. Nc3 Nf6 3. g3 d5 4. exd5 Nxd5 5. Bg2 Nxc3 6. bxc3 Bd6 7. Nf3 Nc6 8.
O-O O-O 9. d4 Qf6 10. Rb1 h6 11. Re1 a5 12. d5 Ne7 13. Nd2 g5 14. Ne4 Qg6 15.
c4 f5 16. Nxd6 Qxd6 17. Rb3 Rd8 18. c5 Qf6 19. Bb2 Ng6 20. f4 gxf4 21. gxf4 Qe7
22. fxe5 Qxc5+ 23. Bd4 Qe7 24. e6 c6 25. Rg3 Kh7 26. Qh5 Rg8 27. Rh3 Qf8 28. e7
Nf4 29. exf8=Q Nxh3+ 30. Qxh3 Rxf8 31. Re7+ 1-0

[Event "Thüringenliga 2012/2013"]
[Site "?"]
[Date "2012.12.16"]
[Round "4"]
[White "Töpfer, Albrecht"]
[Black "Siegemund, Joachim"]
[Result "1-0"]
[WhiteElo "1932"]
[BlackElo "2033"]
[PlyCount "57"]
[EventDate "2012.??.??"]
[WhiteTeam "Ilmenauer SV"]
[BlackTeam "ESV Lok Sömmerda"]

1. c4 e5 2. g3 g6 3. Bg2 Bg7 4. Nc3 f5 5. d3 d6 6. e4 c6 7. Nge2 Qc7 8. O-O Nf6
9. h3 Be6 10. b3 Na6 11. Be3 Qd7 12. Kh2 d5 13. cxd5 cxd5 14. exf5 gxf5 15. d4
e4 16. a3 Rc8 17. Qd2 O-O 18. Rfc1 Nh5 19. Bf1 Nb8 20. Nf4 Nxf4 21. Bxf4 Nc6
22. Bb5 Qe7 23. Bxc6 bxc6 24. Na4 Qf6 25. Nc5 Rfe8 26. Rd1 Bf8 27. Rac1 Qd8 28.
Be5 Bd6 29. Nb7 1-0

[Event "Thüringenliga 2012/2013"]
[Site "?"]
[Date "2012.12.16"]
[Round "4"]
[White "Kalisch, Michael"]
[Black "Rempel, Patrick"]
[Result "1/2-1/2"]
[WhiteElo "1912"]
[BlackElo "2023"]
[PlyCount "118"]
[EventDate "2012.??.??"]
[WhiteTeam "ESV Lok Sömmerda"]
[BlackTeam "Ilmenauer SV"]

1. e4 d6 2. d4 Nf6 3. Nc3 g6 4. Nge2 Bg7 5. g3 c6 6. a4 O-O 7. Bg2 Qa5 8. Bd2
Qc7 9. h3 e5 10. Be3 Na6 11. O-O Re8 12. Qd2 Be6 13. f4 Bc4 14. Rf2 Bxe2 15.
Rxe2 Nh5 16. Kh2 f5 17. exf5 gxf5 18. Rf1 e4 19. d5 c5 20. Nb5 Qe7 21. c3 Kh8
22. Qe1 Rg8 23. g4 fxg4 24. hxg4 Nf6 25. Qg3 Bf8 26. g5 Nxd5 27. Bxe4 Qf7 28.
Qh4 Nxe3 29. Rxe3 Re8 30. g6 Qe7 31. Qxh7+ Qxh7+ 32. gxh7 Rg7 33. Rfe1 Re6 34.
Bf5 Rf6 35. Nxd6 Rxd6 36. Re8 Rf6 37. R1e5 Rh6+ 38. Bh3 Rf7 39. Kg3 Kxh7 40.
Rg5 Rhf6 41. Bf1 Nc7 42. Bd3+ Kh8 43. Rh5+ Kg8 44. Rc8 Rg7+ 45. Kf3 Ne6 46. f5
Ng5+ 47. Kf4 Nh7 48. Bc4+ Kh8 49. Ke5 Re7+ 50. Be6 Rff7 51. f6 Rxe6+ 52. Kxe6
Rxf6+ 53. Ke5 Rf7 54. a5 Kg7 55. a6 bxa6 56. Rc6 Re7+ 57. Kf5 Rf7+ 58. Ke6 Re7+
59. Kf5 Rf7+ 1/2-1/2

[Event "Thüringenliga 2012/2013"]
[Site "?"]
[Date "2012.12.16"]
[Round "4"]
[White "Falk, Kristoffer"]
[Black "Kühn, Karsten"]
[Result "1/2-1/2"]
[WhiteElo "1862"]
[BlackElo "1941"]
[PlyCount "123"]
[EventDate "2012.??.??"]
[WhiteTeam "Ilmenauer SV"]
[BlackTeam "ESV Lok Sömmerda"]

1. d4 e6 2. c4 Nf6 3. Nf3 b6 4. g3 Bb7 5. Bg2 Be7 6. O-O d6 7. Nc3 Nbd7 8. Qc2
c5 9. Rd1 cxd4 10. Nxd4 Bxg2 11. Kxg2 Qc7 12. b3 a6 13. a4 O-O 14. Bb2 Rac8 15.
Rac1 Rfd8 16. Na2 Ne5 17. Qb1 Ned7 18. Nb4 Nc5 19. Ba1 Qb7+ 20. Kg1 Nce4 21.
Nd3 Rc7 22. b4 Ne8 23. b5 Rdc8 24. Nc6 Bf8 25. Qa2 N4f6 26. Rb1 a5 27. Nf4 Ng4
28. Nd3 Ngf6 29. Nf4 Ng4 30. Nd3 e5 31. h3 Ngf6 32. f4 e4 33. Nf2 e3 34. Nd3
Ne4 35. Kh2 Nd2 36. Rbc1 Nf6 37. Bd4 Re8 38. Bxe3 Rxe3 39. Qxd2 Rxg3 40. Nf2
Rg6 41. f5 Rh6 42. Rg1 Kh8 43. Qd4 Rd7 44. e4 Qc7 45. Kh1 Rh4 46. Qd3 Qc8 47.
Qe3 Rb7 48. Rg2 Qe8 49. Re1 Rh6 50. Reg1 Ng8 51. Ng4 Rh5 52. Qf3 f6 53. Nd4 Re7
54. Nf2 Rh4 55. Rg4 Rxg4 56. Rxg4 Nh6 57. Rg1 Nf7 58. Rc1 Ne5 59. Qe3 Rb7 60.
Ne6 Nd7 61. Nd3 Nc5 62. Ndxc5 1/2-1/2

[Event "Thüringenliga 2012/2013"]
[Site "?"]
[Date "2012.12.16"]
[Round "4"]
[White "Kühn, Martin"]
[Black "Leuner, Klaus"]
[Result "1-0"]
[WhiteElo "1940"]
[BlackElo "1871"]
[PlyCount "122"]
[EventDate "2012.??.??"]
[WhiteTeam "ESV Lok Sömmerda"]
[BlackTeam "Ilmenauer SV"]

1. d4 d5 2. c4 c6 3. Nf3 Nf6 4. e3 e6 5. Nbd2 Bd6 6. Bd3 Nbd7 7. e4 dxe4 8.
Nxe4 Nxe4 9. Bxe4 Nf6 10. Bc2 O-O 11. O-O h6 12. Qe2 c5 13. dxc5 Bxc5 14. Bf4
b6 15. Ne5 Bb7 16. Rad1 Qe7 17. a3 a5 18. Ng4 Rfd8 19. Be5 Nxg4 20. Qxg4 Qg5
21. Qxg5 hxg5 22. Ba4 f6 23. Bc3 Kf7 24. Rxd8 Rxd8 25. Rd1 Rxd1+ 26. Bxd1 Be4
27. b4 axb4 28. axb4 Bd6 29. Ba4 e5 30. f3 Bb7 31. Kf2 e4 32. fxe4 Bxe4 33. Bd4
Bc7 34. Bd1 f5 35. Bf3 Bxf3 36. Kxf3 g6 37. h3 Ke6 38. Bg7 Bd6 39. Bc3 Bc7 40.
Ke2 Bd6 41. Kd3 Bc7 42. Bd4 Bd8 43. b5 Bc7 44. Bf2 Bd8 45. Be3 Ke5 46. Bg1 Bc7
47. c5 bxc5 48. Kc4 Ke6 49. Kxc5 Kd7 50. Bd4 Bf4 51. Kb6 Bg3 52. Ka7 Ke6 53. b6
Kd5 54. Bg1 Ke4 55. b7 Bd6 56. Ka8 f4 57. Ba7 f3 58. gxf3+ Kxf3 59. Bb8 Bxb8
60. Kxb8 Kg3 61. Kc8 Kxh3 1-0

[Event "Thüringenliga 2012/2013"]
[Site "?"]
[Date "2012.12.16"]
[Round "4"]
[White "Schenk, Stefan"]
[Black "Kirste, Olaf"]
[Result "1-0"]
[WhiteElo "1901"]
[BlackElo "1931"]
[PlyCount "81"]
[EventDate "2012.??.??"]
[WhiteTeam "Ilmenauer SV"]
[BlackTeam "ESV Lok Sömmerda"]

1. e4 c5 2. c3 d5 3. exd5 Qxd5 4. d4 Nc6 5. Nf3 e6 6. Na3 Nf6 7. Nb5 Qd8 8.
dxc5 Bxc5 9. Qxd8+ Kxd8 10. Bg5 a6 11. Rd1+ Ke7 12. Nbd4 Nxd4 13. Nxd4 Rd8 14.
Be3 Ba7 15. Nc2 Rxd1+ 16. Kxd1 Ng4 17. Bxa7 Rxa7 18. Ke1 e5 19. f3 Bf5 20. Kd2
Bxc2 21. Kxc2 Ne3+ 22. Kd2 Nxf1+ 23. Rxf1 f5 24. c4 b6 25. Kc3 Rd7 26. b4 Ke6
27. a4 Rd4 28. a5 bxa5 29. bxa5 Kd6 30. Re1 g5 31. h3 h5 32. Re2 Rd1 33. Rb2
Kc5 34. Rb6 Rc1+ 35. Kd3 Rxc4 36. Rxa6 Rd4+ 37. Ke2 Rd6 38. Rxd6 Kxd6 39. g4
fxg4 40. fxg4 hxg4 41. hxg4 1-0